Dirección de hospitales (Registro nro. 10639)

Detalles MARC
000 -LEADER
fixed length control field 01305nmm a2200325 a 4500
001 - CONTROL NUMBER
control field 0000012639
003 - CONTROL NUMBER IDENTIFIER
control field CO-CtgCURN
005 - DATE AND TIME OF LATEST TRANSACTION
control field 20250329191009.0
007 - PHYSICAL DESCRIPTION FIXED FIELD--GENERAL INFORMATION
fixed length control field co cga---uuuuu
008 - FIXED-LENGTH DATA ELEMENTS--GENERAL INFORMATION
fixed length control field 160627s1992 i eng d
020 ## - INTERNATIONAL STANDARD BOOK NUMBER
International Standard Book Number 968251763X
040 ## - CATALOGING SOURCE
Original cataloging agency CO-CtgCURN
Language of cataloging spa
Transcribing agency coctgcurn
082 0# - DEWEY DECIMAL CLASSIFICATION NUMBER
Classification number 658.159
Item number B157d
100 1# - MAIN ENTRY--PERSONAL NAME
Personal name Barquin Calderón, Manuel.
245 10 - TITLE STATEMENT
Title Dirección de hospitales
Medium [electronic resource] :
Remainder of title sistema de atencion medica /
Statement of responsibility, etc. Manuel Barquin C.
250 ## - EDITION STATEMENT
Edition statement 6a ed.
260 ## - PUBLICATION, DISTRIBUTION, ETC.
Place of publication, distribution, etc. Mexico :
Name of publisher, distributor, etc. McGraw-Hill,
Date of publication, distribution, etc. 1992.
300 ## - PHYSICAL DESCRIPTION
Extent 835 p. + 1 Cd-Rom.
336 ## - CONTENT TYPE
Source rdacontent
337 ## - MEDIA TYPE
Source rdamedia
Media type term sin mediacion
Media type code n
338 ## - CARRIER TYPE
Source rdacarrier
Carrier type term volumen
Carrier type code nc
500 ## - GENERAL NOTE
General note Incluye indice.
505 8# - FORMATTED CONTENTS NOTE
Formatted contents note Atencion medica.--Trabajo social.--Cuerpo medico.--Salas de operaciones.--Central de equipos.--Esterilizacion.--investigación en hospitales.--Legislacion hospitalaria.--Medicina preventiva.--Salas de operaciones.--Archivo clinico.--Consulta externa
650 #0 - SUBJECT ADDED ENTRY--TOPICAL TERM
Topical term or geographic name entry element Gestion hospitalaria.
908 ## - PUT COMMAND PARAMETER (RLIN)
Put command parameter 160627
942 ## - ADDED ENTRY ELEMENTS (KOHA)
Koha item type Libros
Classification part 658.159
Item part B157d
Source of classification or shelving scheme Dewey Decimal Classification
Existencias
Withdrawn status Lost status Source of classification or shelving scheme Damaged status Not for loan Collection Home library Current library Shelving location Date acquired Total checkouts Full call number Barcode Date last seen Copy number Price effective from Koha item type Public note Inventory number
    Dewey Decimal Classification     General Miguel Henríquez Castañeda Miguel Henríquez Castañeda General 03/29/2025   658.159 B157d CDLI000218 03/29/2025 ej.1 03/29/2025 Libros 650-ADMINS  
    Dewey Decimal Classification     General Miguel Henríquez Castañeda Miguel Henríquez Castañeda General 03/29/2025   658.159 B157d 011194 03/29/2025 ej.2 03/29/2025 Libros 650-ADMINS 011194
    Dewey Decimal Classification     General Miguel Henríquez Castañeda Miguel Henríquez Castañeda General 03/29/2025   658.159 B157d 011195 03/29/2025 ej.3 03/29/2025 Libros 650-ADMINS 011195